000 00288nam a22001457a 4500
003 SGT
082 _a340,MAL
100 _aMALIK,B
245 _aTHE ART OF LAWYER
250 _a11TH
260 _aNEW DELHI
_bUNIVERSAL BOOK
_c2014
300 _a1018
650 _aYAWYER
942 _2ddc
_cBK
999 _c9700
_d9700